000 00474cam a2200145 4500500
005 20251012010939.0
041 _afre
042 _adc
100 1 0 _aMichaud, Yves
_eauthor
245 0 0 _aLe clivage gauche/droite toujours d’actualité
260 _c2012.
500 _a40
786 0 _nPhilosophie magazine | 58 | 4 | 2012-04-01 | p. 10-10 | 1951-1787
856 4 1 _uhttps://shs.cairn.info/magazine-philosophie-magazine-2012-4-page-10?lang=fr&redirect-ssocas=7080
999 _c1521217
_d1521217